00620nam a22001817a 4500003000400000005001700004008004100021017001700062020001800079040002200097245012000119260003600239300003300275500001300308504004100321600004700362700002900409OSt20170718171537.0170718s2016 sp a | |||| 001 0 spa d aM 34580-2016 a9788491045489 aSpMaBNbcatcCDMR00aJosé Ortega Spottorno (1916-2016) b: un editor, puente entre generacionescedición a cargo de Mercedes Cabrera aMadridbAlianza Editorialc2016 a374 p.bil. col. y n.c22 cm aÍndice aIncluye referencias bibliográficas17aOrtega Spottorno, Joséd1916-20022embne1 aCabrera, Mercedesd1951-